| 000 | 00803 a2200229 4500 | ||
|---|---|---|---|
| 003 | OSt | ||
| 005 | 20180116192356.0 | ||
| 008 | 120606t xxu||||| |||| 00| 0 eng d | ||
| 010 | _a 99026748 | ||
| 020 | _a07050640839 | ||
| 040 | _c0 | ||
| 082 | 0 | 0 | _a724.6 |
| 245 | 0 | 0 |
_aNon-plan : _bessays on freedom participation and change in modern architecture and urbanism / _cedited by Jonathan Hughes & Simon Sadler. |
| 260 |
_aOxford ; _aBoston : _bArchitectural Press, _c2000. |
||
| 300 |
_axii, 243 p. : _bill. ; _c24 cm. |
||
| 650 | 0 |
_aArchitecture, Modern _y20th century. _94216 |
|
| 650 | 0 |
_aCity planning. _94217 |
|
| 700 | 1 |
_aHughes, Jonathan. _94218 |
|
| 700 | 1 |
_aSadler, Simon. _94219 |
|
| 942 |
_aSADA _cBK _k724.6 NON 2000 _2ddc |
||
| 999 |
_c353114 _d353114 |
||